| 000 | 00713nam a2200217Ia 4500 | ||
|---|---|---|---|
| 003 | GCL | ||
| 005 | 20240530104723.0 | ||
| 008 | 140319s9999 xx 000 0 ara d | ||
| 040 |
_aGCL / _cGCL |
||
| 082 | 0 | 4 |
_a301.42 _bز م |
| 100 | 1 | _aزكية حجازى | |
| 245 | 1 | 0 |
_aالمرأة والزواج وحقوق الشباب: _bفى رحلة حول العالم مع الدين وعلم النفس / _cزكية حجازى |
| 300 |
_a374 ص ؛ _c24 سم |
||
| 650 | 0 | 4 | _aالزواج |
| 650 | 0 | 4 | _aالاجتماع الاسلامى |
| 650 | 0 | 4 | _aالخطب |
| 650 | 0 | 4 | _aحقوق المرأة |
| 650 | 0 | 4 | _aالمرأة - علم النفس |
| 650 | 0 | 4 | _aالمرأة فى الاسلام |
| 942 |
_2ddc _cBK |
||
| 999 |
_c50132 _d50132 |
||